Handzeichnungen alter meister aus der Albertina (Record no. 8037)

MARC details
000 -CABECERA
campo de control de longitud fija 01202nam a2200289 a 4500
001 - NÚMERO DE CONTROL
campo de control BRCA_8369
005 - FECHA Y HORA DE LA ÚLTIMA TRANSACCIÓN
campo de control 20190320210242.0
008 - DATOS DE LONGITUD FIJA--INFORMACIÓN GENERAL
campo de control de longitud fija 300714m18971908au-a###f##---#001-0#ger-#
041 ## - CÓDIGO DE LENGUA
Código de lengua del texto/banda sonora o título independiente ger
044 ## - CÓDIGO DEL PAÍS DE LA ENTIDAD EDITORA/PRODUCTORA
Código MARC del país au
050 #4 - SIGNATURA TOPOGRÁFICA DE LA BIBLIOTECA DEL CONGRESO
Número de clasificación NC85
Número de documento/Ítem .S36 1897
100 1# - ENTRADA PRINCIPAL--NOMBRE DE PERSONA
Nombre de persona Schönbrunner, Ios
9 (RLIN) 20970
245 10 - MENCIÓN DE TÍTULO
Título Handzeichnungen alter meister aus der Albertina
Resto del título und anderen sammlungen
Mención de responsabilidad, etc. herausgegeben von Ios Schönbrunner.
260 ## - PUBLICACIÓN, DISTRIBUCIÓN, ETC.
Lugar de publicación, distribución, etc. Viena
Nombre del editor, distribuidor, etc. Gerlach & Schenk
Fecha de publicación, distribución, etc. 1897-1908
300 ## - DESCRIPCIÓN FÍSICA
Extensión 4 v.
Otras características físicas il., láminas
Dimensiones 42 cm.
500 ## - NOTA GENERAL
Nota general Cuatro ejemplares consecutivos inventariados como un solo libro por el Banco de México
500 ## - NOTA GENERAL
Nota general Incluye índice onomástico y tabla de materias
500 ## - NOTA GENERAL
Nota general En v.3 falta la lámina 729, en v.4 faltan láminas 1085 y 1092
500 ## - NOTA GENERAL
Nota general R107
505 0# - NOTA DE CONTENIDO CON FORMATO
Nota de contenido con formato v.1 Erster band: láminas 1-359.-- v.2 Vierter band: láminas 360-718.-- v.3 Siebenter band: láminas 719-1078.-- Neunter band: láminas 1079-
610 24 - PUNTO DE ACCESO ADICIONAL DE MATERIA--NOMBRE DE ENTIDAD CORPORATIVA
Nombre de entidad corporativa o nombre de jurisdicción como elemento de entrada Museo de la Albertina
Subdivisión de forma Maestros antiguos
Subdivisión geográfica Viena, Austria
9 (RLIN) 20971
650 14 - PUNTO DE ACCESO ADICIONAL DE MATERIA--TÉRMINO DE MATERIA
Término de materia o nombre geográfico como elemento de entrada Dibujos
Subdivisión general Colecciones
9 (RLIN) 20972
650 14 - PUNTO DE ACCESO ADICIONAL DE MATERIA--TÉRMINO DE MATERIA
Término de materia o nombre geográfico como elemento de entrada Grabados
Subdivisión general Colecciones
9 (RLIN) 20973
650 14 - PUNTO DE ACCESO ADICIONAL DE MATERIA--TÉRMINO DE MATERIA
Término de materia o nombre geográfico como elemento de entrada Artistas gráficos
Subdivisión general Galerías y museos
Subdivisión geográfica Austria
9 (RLIN) 20974
902 ## - CATALOGADOR
Iniciales GFM
942 ## - ELEMENTOS DE PUNTO DE ACCESO ADICIONAL (KOHA)
Fuente del sistema de clasificación o colocación Library of Congress Classification
Tipo de ítem Koha Libros
Holdings
Estado de retiro Estado de pérdida Estado dañado No para préstamo Localización permanente Ubicación/localización actual Fecha de adquisición Número de inventario Total de préstamos Signatura topográfica completa Código de barras Fecha visto por última vez Precio válido a partir de Tipo de ítem Koha
El ejemplar forma parte de la colección y puede ser consultado según las políticas vigentes.       Biblioteca del Museo Franz Mayer (Rogerio Casas-Alatriste) Biblioteca del Museo Franz Mayer (Rogerio Casas-Alatriste) 30/07/2014 R107   NC85 .S36 1897 (R107) 8993 22/03/2019 22/03/2019 Libros